Statistics for DC/Marvel Archnemises

Click here to take the quiz!

General Stats

  • This quiz has been taken 847 times
  • The average score is 10 of 16

Answer Stats

Hint Answer % Correct
BatmanJoker
100%
ThorLoki
94%
Professor XMagneto
93%
Spider ManGreen Goblin
92%
SupermanLex Luthor
90%
Captain AmericaRed Skull
85%
Mr FantasticDr Doom
78%
Green LanternSinestro
70%
DaredevilKingpin
66%
WolverineSabretooth
64%
HulkAbomination
61%
AquamanBlack Manta
42%
FlashProfessor Zoom
35%
Captain MarvelBlack Adam
31%
RobinDeathstroke
23%
Wonder WomanCirce
17%

Score Distribution

Percentile by Number Answered

Percent of People with Each Score

Your Score History

You have not taken this quiz